000 00403cam a22001097a 4500
008 180718b1974 xxu||||| |||| 00| 0 eng d
082 _aR112x42 Un3u
245 _aUnemployment and homelesness: a report
_cby Reference Division Community Relations Commission
260 _aLondon
_bHer Majesty's Stationery Office
_c1974
300 _a73p
700 _aLondon, Reference Division Community Relations Commission
999 _c495706
_d495706